000 01316aab a2200217 4500
001 768714001
003 CO-MdFUSB
005 20240613153222.0
008 170523s2000 cr ||||| |||| 00| 0 spa d
022 _a1409-1968
040 _aCO-MdFUSB
_bspa
_cCO-MdFUSB
_dCO-MdFUSB
041 _aspa
100 1 _aBurt, David F.
_eautor
245 1 0 _aÉtica cristiana del trabajo
_c/ David F. Burt
300 _aVolumen 17. Número 3 (2000), páginas 76-82
_c: 27 cm.
520 _aHay dos maneras de vivir la vida: según las construmbres, normas y actitudes de la sociedad a nuestro alrededor o según la regla de Cristo, como corresponde a aquellos que han sido llamados a participar de la nueva vida en Jesús. La diferencia que existe entre estas dos formas de vivir es tan grande como aquella que existe entre la luz y las tinieblas. Este ha sido el tema del apóstol Pablo en Efesios 4:17-24, donde da principios generales. Luego Pablo procede a describir algunas áreas especificas en las que debemos poner de manifiesto nuestra nueva vivencia. Una de ellas es aprender a deshacernos del espíritu egoísta que nos induce a hurtar.
650 7 _aÉtica cristiana
_9185
773 0 _tApuntes Pastorales
_049442
_960146
_gVolumen 17. Número 3 (2000), páginas 76-82
_qPágina 76
942 _cANA
945 _aJTF-925
999 _c60054
_d60054